वैदिक जीवनपद्धति का वैज्ञानिक मूल्यांकन (Record no. 1015092)
[ view plain ]
| 000 -LEADER | |
|---|---|
| fixed length control field | 01180nam a2200265Ia 4500 |
| 003 - CONTROL NUMBER IDENTIFIER | |
| control field | OSt |
| 005 - DATE AND TIME OF LATEST TRANSACTION | |
| control field | 20221005105211.0 |
| 008 - FIXED-LENGTH DATA ELEMENTS--GENERAL INFORMATION | |
| fixed length control field | 221004b |||||||| |||| 00| 0 san d |
| 020 ## - INTERNATIONAL STANDARD BOOK NUMBER | |
| International Standard Book Number | 9788193433881 (hbk) |
| 037 ## - SOURCE OF ACQUISITION | |
| Terms of availability | Textual |
| 040 ## - CATALOGING SOURCE | |
| Original cataloging agency | CRL |
| Transcribing agency | CRL |
| Language of cataloging | san |
| 041 ## - LANGUAGE CODE | |
| Source of code | san |
| Language code of text/sound track or separate title | san |
| 100 ## - MAIN ENTRY--PERSONAL NAME | |
| Personal name | त्रिपाठी, दिव्या, ले. |
| 245 #0 - TITLE STATEMENT | |
| Title | वैदिक जीवनपद्धति का वैज्ञानिक मूल्यांकन |
| Remainder of title | धर्मसूत्रों के विशेष सन्दर्भ में |
| 246 ## - VARYING FORM OF TITLE | |
| Title proper/short title | Vaidik jīvanapaddhati kā vaijnyānik mūlyāankana: dharmasūtroan ke visheṣh sandarbha mean |
| 260 ## - PUBLICATION, DISTRIBUTION, ETC. | |
| Place of publication, distribution, etc. | नई दिल्ली |
| Name of publisher, distributor, etc. | अभ्युदय प्रकाशन भारत |
| Date of publication, distribution, etc. | 2018 |
| 300 ## - PHYSICAL DESCRIPTION | |
| Extent | 408पृ0 |
| Dimensions | cm. |
| 650 ## - SUBJECT ADDED ENTRY--TOPICAL TERM | |
| Topical term or geographic name entry element | वैदिक धर्म |
| 942 ## - ADDED ENTRY ELEMENTS (KOHA) | |
| Classification part | Q1, 152Q8 |
| Koha item type | Textual |
| Source of classification or shelving scheme | |
| Withdrawn status | Lost status | Damaged status | Not for loan | Home library | Current library | Date acquired | Source of acquisition | Total Checkouts | Full call number | Barcode | Date last seen | Price effective from | Koha item type | Public note |
|---|---|---|---|---|---|---|---|---|---|---|---|---|---|---|
| Central Library | Central Library | 2022-10-05 | 287, 22/01/2020, Eastern Book Linkers | Q1 152Q8 | CL1662139 | 2022-10-05 | 2022-10-05 | Textual | Translated from Sanskrit to Hindi |
